Human Rights In India: (Record no. 196651)

MARC details
000 -LEADER
fixed length control field 00627nam a22002057a 4500
005 - DATE AND TIME OF LATEST TRANSACTION
control field 20230816111029.0
010 ## - LCCN (DPL NO)
LC control number ENG-137478
020 ## - INTERNATIONAL STANDARD BOOK NUMBER
Terms of availability 449.00
International Standard Book Number 9788190327237
035 ## - SYSTEM CONTROL NUMBER
System control number EN-121010
037 ## - SOURCE OF ACQUISITION
Source of stock number/acquisition DBAD/PUB
082 ## - DEWEY DECIMAL CLASSIFICATION NUMBER
Classification number 323.0954
100 ## - MAIN ENTRY--PERSONAL NAME
Personal name Prakasani,Setu
245 ## - TITLE STATEMENT
Title Human Rights In India:
Statement of responsibility, etc by Setu Prakasani
Remainder of title Historical Perspective and Challenges ahead /
260 ## - PUBLICATION, DISTRIBUTION, ETC. (IMPRINT)
Place of publication, distribution, etc India
Name of publisher, distributor, etc Archana Das & Subrata Das
270 ## - ADDRESS
Address 12/A, Shankar Ghosh Lane, Kol-6
City India
300 ## - PHYSICAL DESCRIPTION
Extent 276p.
Dimensions 22cm
700 ## - ADDED ENTRY--PERSONAL NAME
Personal name Bhattacharyya,Amit
700 ## - ADDED ENTRY--PERSONAL NAME
Personal name Ghosh,Bimal Kami
942 ## - ADDED ENTRY ELEMENTS (KOHA)
Source of classification or shelving scheme Dewey Decimal Classification
Item type English Books
Call number suffix PRA
Classification part 323.0954
Holdings
Withdrawn status Lost status Not for loan Collection code Home library Current library Date acquired Source of acquisition Cost, normal purchase price Full call number Barcode Copy number Cost, replacement price Koha item type
      Non-fiction Kadipur Kadipur 19/07/2023 DBAD/PUB 449.00 323.0954 PRA EN-121010 1 449.00 English Books

© Delhi Public Library
Hit Counter
free hit counter